[Event "Euro Online U2300 Day 1"]
[Site "chess.com INT"]
[Date "2020.05.25"]
[Round "1"]
[White "Terbe, Zsuzsanna"]
[Black "Volpinari, Danilo"]
[Result "1-0"]
[WhiteTitle "WFM"]
[BlackTitle "FM"]
[WhiteElo "2192"]
[BlackElo "1952"]
[WhiteFideId "708801"]
[BlackFideId "11800054"]
[EventDate "2020.05.25"]

1. d4 d5 2. Bf4 Nf6 3. e3 c5 4. Nf3 Nc6 5. Nbd2 Qb6 6. dxc5 Qxc5 7. a3 Bf5 8. c4
e6 9. b4 Qb6 10. c5 Qd8 11. Nb3 Be7 12. h3 h6 13. Qd2 O-O 14. Bd3 Bxd3 15. Qxd3
Ne4 16. O-O Rc8 17. Rac1 a6 18. Bh2 Qd7 19. Nfd4 Nxd4 20. exd4 Bg5 21. Rc2 Rfe8
22. f3 Nf6 23. f4 Bh4 24. g3 Ne4 25. gxh4 Qe7 26. Bg3 f5 27. a4 Qf7 28. b5 axb5
29. axb5 Ra8 30. Nd2 Qg6 31. Nxe4 fxe4 32. Qe3 Rec8 33. Kh2 Qe8 34. Rb1 Ra5 35.
Qb3 Rca8 36. c6 bxc6 37. bxc6 Ra3 38. Qb4 Qg6 39. Rg1 e3 40. Rgg2 Qe4 41. c7 e2
42. c8=Q+ Rxc8 43. Rxc8+ Kh7 44. Qxa3 e1=Q 45. Bxe1 1-0

[Event "Euro Online U2300 Day 1"]
[Site "chess.com INT"]
[Date "2020.05.25"]
[Round "1"]
[White "Piankov, Evgenij"]
[Black "Pogorelov, Igor"]
[Result "1/2-1/2"]
[WhiteTitle "IM"]
[WhiteElo "2216"]
[BlackElo "2129"]
[WhiteFideId "14100525"]
[BlackFideId "14113279"]
[EventDate "2020.05.25"]

1. d4 d5 2. Bg5 Nf6 3. Bxf6 exf6 4. e3 Bd6 5. g3 O-O 6. Bg2 c6 7. Ne2 Bf5 8. Nd2
Re8 9. O-O Nd7 10. c4 Be6 11. Qc2 Rc8 12. Nc3 dxc4 13. Nce4 Bf5 14. Nxc4 Bf8 15.
Ncd2 h5 16. Qb3 Nb6 17. a4 Be6 18. Qc2 Bd5 19. Nc5 Bxg2 20. Kxg2 Qd5+ 21. Kg1
Rc7 22. a5 Nd7 23. Nxd7 Rxd7 24. Qc4 c5 25. Qxd5 Rxd5 26. Nf3 cxd4 27. Nxd4 a6
28. Rfc1 Bc5 29. Nb3 Bd6 30. Rc2 Be5 31. Nc5 Rc8 32. Rac1 Bxb2 33. Rxb2 Rdxc5
34. Rxc5 Rxc5 35. Rxb7 Rxa5 36. Kg2 g5 37. h4 Kg7 38. Kf3 Kg6 39. Rb8 g4+ 40.
Kg2 Kf5 41. Rf8 Ke6 42. Re8+ Kd7 43. Ra8 Ra2 44. Rh8 Ra5 45. Ra8 Ke6 46. Re8+
Kf5 47. Rf8 Kg6 48. Rg8+ Kh7 49. Ra8 Kg7 50. Ra7 Ra2 51. Ra8 f5 52. Ra7 Ra1 53.
Ra8 Kf6 54. Rh8 Kg6 55. Rg8+ Kh7 56. Ra8 Kg7 57. Ra7 a5 58. Ra6 a4 59. Ra5 a3
60. Rxf5 Kg6 61. Rg5+ Kh6 62. Rf5 a2 63. Ra5 Kg6 64. Kh2 Kf6 65. Kg2 Ke6 66. Kh2
f5 67. Kg2 Kd6 68. Ra8 Kc5 69. Rc8+ Kb4 70. Rb8+ Kc3 71. Rc8+ Kd2 72. Ra8 Ke2
73. Ra7 Kd2 74. Ra8 Ke2 75. Ra6 Kd3 76. Ra5 Kc3 77. Ra8 Kb3 78. Rb8+ Kc2 79.
Rc8+ Kd2 80. Ra8 1/2-1/2

[Event "Euro Online U2300 Day 1"]
[Site "chess.com INT"]
[Date "2020.05.25"]
[Round "1"]
[White "Karacsonyi, Gellert"]
[Black "Canal Oliveras, Joan"]
[Result "1-0"]
[WhiteTitle "FM"]
[WhiteElo "2292"]
[BlackElo "2205"]
[WhiteFideId "764620"]
[BlackFideId "2211394"]
[EventDate "2020.05.25"]

1. e4 e5 2. Nf3 Nc6 3. Bb5 f5 4. Nc3 fxe4 5. Nxe4 d5 6. Nxe5 dxe4 7. Nxc6 Qg5 8.
c4 a6 9. Ba4 b5 10. cxb5 axb5 11. Bb3 Qxg2 12. Qh5+ g6 13. Qe5+ Ne7 14. Rf1 Bh3
15. Qxb5 Qxf1+ 16. Qxf1 Bxf1 17. Nxe7 Bd3 18. Nd5 Bd6 19. Nf6+ Ke7 20. Nd5+ Kd7
21. Nf6+ Kd8 22. Bd5 Ra5 23. Bxe4 Re5 24. f3 Rf8 25. Kd1 Bxe4 26. Nxe4 Rxf3 27.
Nxd6 cxd6 28. b4 Rf2 29. a4 Rxh2 30. a5 Kc7 31. a6 Kb6 32. a7 Re8 33. a8=Q Rxa8
34. Rxa8 Kb5 35. Rb8+ Kc4 36. Kc2 Rh5 37. d3+ Kd4 38. Bb2+ Ke3 39. b5 Rc5+ 40.
Bc3 d5 41. d4 Rc4 42. b6 1-0

[Event "Euro Online U2300 Day 1"]
[Site "chess.com INT"]
[Date "2020.05.25"]
[Round "1"]
[White "Nareks, Matic"]
[Black "Martinkus, Rolandas"]
[Result "1/2-1/2"]
[BlackTitle "FM"]
[WhiteElo "2015"]
[BlackElo "2117"]
[WhiteFideId "14629526"]
[BlackFideId "12800481"]
[EventDate "2020.05.25"]

1. e4 e5 2. Nf3 Nc6 3. Bc4 Nf6 4. d3 Be7 5. O-O O-O 6. Nbd2 d6 7. a4 h6 8. h3
Nh7 9. Re1 Kh8 10. Nf1 f5 11. exf5 Bxf5 12. Ng3 Bd7 13. Be3 Ng5 14. Nxg5 Bxg5
15. Qh5 Bxe3 16. fxe3 Qe8 17. Qxe8 Raxe8 18. Rf1 Nb4 19. Bb3 Na6 20. c3 Nc5 21.
Bc2 Be6 22. d4 Nd7 23. Rxf8+ Rxf8 24. Rf1 Rxf1+ 25. Kxf1 a5 26. Kf2 Kg8 27. Bf5
Kf7 28. Bxe6+ Kxe6 29. Ke2 c6 30. Kd3 d5 31. e4 g6 32. b3 b5 33. exd5+ Kxd5 34.
axb5 cxb5 35. c4+ bxc4+ 36. bxc4+ Kc6 37. d5+ Kb6 38. Kc3 Nc5 39. Nf1 Kc7 40.
Nd2 Kd6 41. Nf3 e4 42. Nh4 a4 43. Nxg6 e3 44. Nf4 Ke5 45. Ne2 a3 46. Kc2 h5 47.
Kc3 h4 48. Kc2 Ne4 49. Kb3 Ng3 50. Ng1 Nf5 51. Kxa3 Nd4 52. Kb4 e2 53. Nxe2 Nxe2
54. Kc5 Nf4 55. d6 Ke6 56. Kc6 Nd3 57. c5 Kf7 58. Kd5 Nf4+ 59. Ke5 Nxg2 60. c6
Ke8 61. Ke6 Nf4+ 62. Kf5 Nxh3 63. Kg4 Nf2+ 64. Kxh4 Ne4 65. d7+ Kd8 66. Kg4 Nf6+
67. Kf5 Nxd7 68. cxd7 Kxd7 1/2-1/2

[Event "Euro Online U2300 Day 1"]
[Site "chess.com INT"]
[Date "2020.05.25"]
[Round "1"]
[White "Marjanovic, Annamaria"]
[Black "Gardet, Thomas"]
[Result "0-1"]
[WhiteTitle "WGM"]
[WhiteElo "2338"]
[BlackElo "2023"]
[WhiteFideId "750930"]
[BlackFideId "26088045"]
[EventDate "2020.05.25"]

1. c4 Nf6 2. g3 g6 3. Bg2 Bg7 4. Nc3 O-O 5. d3 d6 6. Nf3 e5 7. O-O h6 8. Rb1 Be6
9. b4 Nbd7 10. b5 Nh5 11. Ba3 f5 12. Nd2 Rb8 13. Nd5 Ndf6 14. Qb3 Qd7 15. Bb4 f4
16. a4 Nxd5 17. cxd5 Bh3 18. Qc4 fxg3 19. hxg3 Nf4 20. Bxh3 Qxh3 21. Qe4 Rf5 22.
Rfe1 Rbf8 23. Nf1 Qg4 24. f3 Qh3 25. gxf4 exf4 26. Qe6+ Kh7 27. Nh2 Rg5+ 28. Ng4
Bd4+ 29. e3 Qg3+ 30. Kf1 Qxf3+ 31. Nf2 fxe3 32. Re2 Qh1# 0-1

[Event "Euro Online U2300 Day 1"]
[Site "chess.com INT"]
[Date "2020.05.25"]
[Round "1"]
[White "Medancic, Rikard"]
[Black "Sargissyan, Sargis"]
[Result "1/2-1/2"]
[WhiteTitle "IM"]
[BlackTitle "FM"]
[WhiteElo "2145"]
[BlackElo "2269"]
[WhiteFideId "14500531"]
[BlackFideId "13303210"]
[EventDate "2020.05.25"]

1. d4 Nf6 2. Bg5 g6 3. Bxf6 exf6 4. Nd2 Bg7 5. e3 f5 6. g3 d6 7. Bg2 Nd7 8. Ne2
Nf6 9. O-O h5 10. h4 O-O 11. c3 c6 12. b4 Re8 13. Qc2 Qe7 14. a4 Ne4 15. Nf4 Bh6
16. Rfe1 Bd7 17. a5 d5 18. Nd3 Rad8 19. Rab1 Nxd2 20. Qxd2 g5 21. Qd1 Kg7 22.
hxg5 Qxg5 23. Ne5 Rh8 24. Qd3 h4 25. Nf3 Qg4 26. Nxh4 Bg5 27. Nf3 Bf6 28. Qd1
Qh5 29. Kf1 Rde8 30. Ne5 Qxd1 31. Rexd1 Bxe5 32. dxe5 Rxe5 33. c4 Be6 34. cxd5
Bxd5 35. Bxd5 Rxd5 36. Rxd5 Rh1+ 37. Ke2 Rxb1 38. Rd4 Kf6 39. a6 bxa6 40. Rd6+
Ke5 41. Rxc6 Rxb4 42. Rxa6 Rb7 43. Kf3 Rc7 44. Ra5+ Ke6 45. Kf4 Rc4+ 46. Kg5 f6+
47. Kh5 Rc2 48. Ra6+ Ke5 49. Ra5+ Ke4 50. Kg6 Rxf2 51. Kxf6 Kxe3 52. Rxa7 Kf3
53. Kxf5 Kxg3+ 54. Kg5 Rf3 1/2-1/2

[Event "Euro Online U2300 Day 1"]
[Site "chess.com INT"]
[Date "2020.05.25"]
[Round "1"]
[White "Bogdanovics, Kirills"]
[Black "Lagumina, Giulio"]
[Result "1-0"]
[BlackTitle "FM"]
[WhiteElo "1657"]
[BlackElo "2199"]
[WhiteFideId "11608064"]
[BlackFideId "800619"]
[EventDate "2020.05.25"]

1. d4 d5 2. c4 c6 3. Nc3 Nf6 4. Nf3 e6 5. Bg5 Nbd7 6. e3 Qa5 7. Qd2 Bb4 8. Rc1
Ne4 9. Qc2 Qxa2 10. Bf4 Nb6 11. Bd3 Nxc3 12. bxc3 Qxc2 13. Rxc2 dxc4 14. Bxc4
Be7 15. Bd3 Nd5 16. Be5 f6 17. Bg3 b5 18. O-O Bd7 19. e4 Nb6 20. Nd2 Kf7 21. Ra1
c5 22. dxc5 Na4 23. Bd6 Nxc5 24. Bxc5 Bxc5 25. c4 b4 26. Nb3 Rhc8 27. Nxc5 Rxc5
28. Ra6 Bc8 29. Ra4 a5 30. Kf1 Bd7 31. Ra1 a4 32. Ke2 a3 33. Rb2 Rb8 34. Rxa3
bxa3 35. Rxb8 Ra5 36. Rb1 Ke7 37. Kd2 Kd6 38. Kc2 Kc5 39. Kb3 a2 40. Ra1 Kd4 41.
Be2 Kxe4 42. Rxa2 Rxa2 43. Kxa2 Kd4 44. Kb3 Bc6 45. Kb4 Bxg2 46. Kb5 Kc3 47. c5
Kd2 48. Bc4 e5 49. c6 Ke1 50. c7 Bb7 51. Be6 Kxf2 52. Kb6 e4 53. Kxb7 e3 54. Bc4 1-0

[Event "Euro Online U2300 Day 1"]
[Site "chess.com INT"]
[Date "2020.05.25"]
[Round "1"]
[White "Kucher, Kostyantyn"]
[Black "Giannoulakis, Lampros"]
[Result "0-1"]
[BlackTitle "FM"]
[WhiteElo "2006"]
[BlackElo "2293"]
[WhiteFideId "14195950"]
[BlackFideId "4247019"]
[EventDate "2020.05.25"]

1. e4 e5 2. c4 Nc6 3. Nc3 Bc5 4. g3 a6 5. Bg2 Nf6 6. h3 d6 7. Nge2 O-O 8. O-O
Rb8 9. a4 Nd4 10. Rb1 a5 11. Kh2 c6 12. d3 Bd7 13. f4 b5 14. axb5 cxb5 15. Nxd4
exd4 16. Ne2 Re8 17. g4 bxc4 18. g5 Nh5 19. dxc4 Qb6 20. Bf3 Qb3 21. f5 g6 22.
Bxh5 gxh5 23. Ng3 Qxd1 24. Rxd1 Ba4 25. Rd2 Kf8 26. Nxh5 Rxe4 27. Nf6 Re1 28. b3
Bc6 29. Nd5 Rbe8 30. Rg2 d3 31. g6 hxg6 32. Bh6+ Kg8 33. Nf6+ Kh8 34. fxg6 fxg6
35. Nxe8 Rxb1 36. Rxg6 Rh1+ 37. Kg3 Rg1+ 0-1

[Event "Euro Online U2300 Day 1"]
[Site "chess.com INT"]
[Date "2020.05.25"]
[Round "1"]
[White "Trokhymyshyn, Sergii"]
[Black "Plaksin, Igor"]
[Result "0-1"]
[WhiteElo "2157"]
[BlackElo "1868"]
[WhiteFideId "14135604"]
[BlackFideId "34182117"]
[EventDate "2020.05.25"]

1. e4 c5 2. Nf3 d6 3. d4 cxd4 4. Qxd4 Nc6 5. Bb5 Qa5+ 6. Nc3 Bd7 7. Bxc6 bxc6 8.
O-O e5 9. Qd3 Nf6 10. Bg5 Nh5 11. Rad1 f6 12. Be3 Qc7 13. Nd2 Be6 14. Nc4 Rd8
15. Qe2 Bf7 16. b3 g5 17. Rd2 Be7 18. Rfd1 O-O 19. h4 h6 20. g4 Nf4 21. Bxf4
exf4 22. f3 h5 23. hxg5 fxg5 24. e5 d5 25. e6 Bg6 26. Ne5 Rf6 27. Nxg6 Rxg6 28.
gxh5 Rh6 29. Kg2 Rxh5 30. Rh1 Rxh1 31. Kxh1 Kg7 32. Kg2 Rh8 33. Qd3 g4 34. Qf5
Rh4 35. Ne2 g3 36. Qf7+ Kh6 37. Nxf4 Qxf4 38. Qxe7 Qxd2+ 39. Kxg3 Qf4+ 40. Kf2
Rh2+ 41. Ke1 Qc1# 0-1

[Event "Euro Online U2300 Day 1"]
[Site "chess.com INT"]
[Date "2020.05.25"]
[Round "1"]
[White "Thorsbro, Peter"]
[Black "Unneland, Mathias"]
[Result "1-0"]
[WhiteElo "2144"]
[BlackElo "2146"]
[WhiteFideId "1406671"]
[BlackFideId "1525581"]
[EventDate "2020.05.25"]

1. d4 Nf6 2. Bf4 c5 3. e3 Qb6 4. Nc3 d6 5. a3 g6 6. Nf3 Bg7 7. Be2 O-O 8. O-O a6
9. Re1 cxd4 10. exd4 Bf5 11. h3 Nbd7 12. Qd2 Qxb2 13. Bd3 Bxd3 14. Qxd3 Rac8 15.
Bd2 Qb6 16. Rxe7 Rfd8 17. Rb1 Qc7 18. Ng5 Rf8 19. Nce4 h6 20. Nf3 Nd5 21. Rxd7
Qxd7 22. c4 Nc7 23. Bf4 d5 24. Nc5 Qc6 25. Nxb7 dxc4 26. Qd2 Rb8 27. Qb4 Nd5 28.
Qd6 Rxb7 29. Qxc6 Rxb1+ 30. Kh2 Nxf4 31. Qxc4 Rb6 32. d5 g5 33. h4 Ng6 34. hxg5
hxg5 35. Nxg5 Be5+ 36. g3 Kg7 37. Kg2 Rd8 38. f4 Bb2 39. Qc7 Bf6 40. Qxf7+ 1-0

[Event "Euro Online U2300 Day 1"]
[Site "chess.com INT"]
[Date "2020.05.25"]
[Round "1"]
[White "Mekhane, Adam"]
[Black "Belaska, Premysl"]
[Result "1/2-1/2"]
[WhiteElo "2013"]
[BlackElo "2224"]
[WhiteFideId "36050601"]
[BlackFideId "300896"]
[EventDate "2020.05.25"]

1. e4 c5 2. Nf3 d6 3. d4 cxd4 4. Nxd4 Nf6 5. Nc3 a6 6. Bg5 Nbd7 7. f3 e6 8. Qd2
Be7 9. O-O-O h6 10. Be3 Qc7 11. g4 Ne5 12. h4 Bd7 13. Be2 Nc4 14. Bxc4 Qxc4 15.
g5 hxg5 16. hxg5 Nh5 17. g6 fxg6 18. Qg2 O-O-O 19. Qxg6 Bf6 20. Qg4 Bxd4 21.
Rxd4 Qc5 22. Rd3 Qe5 23. Bg5 Nf4 24. Rdd1 Rxh1 25. Rxh1 Rf8 26. Bxf4 Qxf4+ 27.
Qxf4 Rxf4 28. Rh3 Kd8 29. Kd2 Rf6 30. Rg3 Rf7 31. Ke3 b5 32. Ne2 Ke7 33. Nf4 1/2-1/2

[Event "Euro Online U2300 Day 1"]
[Site "chess.com INT"]
[Date "2020.05.25"]
[Round "1"]
[White "Exler, Veronika"]
[Black "Guliev, Logman"]
[Result "0-1"]
[WhiteTitle "WIM"]
[BlackTitle "IM"]
[WhiteElo "2155"]
[BlackElo "2273"]
[WhiteFideId "1620550"]
[BlackFideId "13400061"]
[EventDate "2020.05.25"]

1. e4 c5 2. c3 d5 3. exd5 Qxd5 4. d4 Nf6 5. Nf3 e6 6. Na3 Be7 7. Nc2 O-O 8. Be2
Nc6 9. O-O cxd4 10. Ncxd4 Rd8 11. Be3 Nxd4 12. Qxd4 Qa5 13. Qe5 Qxe5 14. Nxe5
Nd5 15. Rad1 Nxe3 16. Rxd8+ Bxd8 17. fxe3 f6 18. Nc4 e5 19. Nd6 Bb6 20. Bc4+ Kf8
21. Kf2 Bd7 22. Nxb7 Bc6 23. Nd6 Rd8 24. Nf5 Rd2+ 25. Ke1 Rxb2 26. Rf2 Rb1+ 27.
Kd2 Bxg2 28. Kc2 Rg1 29. Kd2 Be4 30. Nd6 Bg6 31. Bd3 Bxd3 32. Kxd3 Rd1+ 33. Rd2
Rxd2+ 34. Kxd2 g6 35. c4 Bc5 36. Nb7 Bb4+ 37. Kd3 Ke7 38. c5 Kd7 39. Kc4 Bd2 40.
e4 f5 41. Kd5 f4 42. c6+ Kc7 43. Nc5 f3 44. Ne6+ Kc8 45. c7 Ba5 0-1

[Event "Euro Online U2300 Day 1"]
[Site "chess.com INT"]
[Date "2020.05.25"]
[Round "1"]
[White "Gara, Anita"]
[Black "Brehovsky, Paul"]
[Result "1-0"]
[WhiteTitle "IM"]
[WhiteElo "2345"]
[BlackElo "2149"]
[WhiteFideId "709751"]
[BlackFideId "1616463"]
[EventDate "2020.05.25"]

1. e4 e6 2. d4 d5 3. Nd2 Nf6 4. e5 Nfd7 5. Bd3 c5 6. c3 Nc6 7. Ne2 cxd4 8. cxd4
f6 9. exf6 Qxf6 10. Nf3 h6 11. O-O Bd6 12. a3 O-O 13. Bc2 Rf7 14. Qd3 Nf8 15.
Ng3 Rc7 16. Re1 Bd7 17. Nh5 Qf7 18. Ng3 Rac8 19. Re2 Na5 20. Ne5 Bxe5 21. dxe5
a6 22. a4 b5 23. Be3 Nc4 24. Bd4 b4 25. f4 a5 26. Rf1 g6 27. h4 h5 28. Rf3 Qe8
29. Nxh5 gxh5 30. Rg3+ Kh8 31. f5 Bc6 32. f6 Rh7 33. Qf3 Rcc7 34. Rg5 Rb7 35.
Qg3 Qf7 36. Bxh7 Qxh7 37. Qf3 Be8 38. b3 Nb6 39. Rg7 Rxg7 40. fxg7+ Qxg7 41.
Bxb6 Ng6 42. Qxh5+ Kg8 43. Qg5 1-0

[Event "Euro Online U2300 Day 1"]
[Site "chess.com INT"]
[Date "2020.05.25"]
[Round "1"]
[White "Khachatryan, Samvel S."]
[Black "Budrewicz, Krzysztof"]
[Result "0-1"]
[WhiteElo "2179"]
[BlackElo "2227"]
[WhiteFideId "13309048"]
[BlackFideId "1127950"]
[EventDate "2020.05.25"]

1. e4 c5 2. Nc3 Nc6 3. Bb5 Nd4 4. Bc4 e6 5. Nf3 Ne7 6. O-O Nec6 7. Nxd4 cxd4 8.
Ne2 a6 9. d3 Be7 10. f4 O-O 11. Ng3 b5 12. Bb3 Na5 13. f5 Nxb3 14. axb3 e5 15.
Qg4 Kh8 16. Bd2 d6 17. Ba5 Qe8 18. h4 f6 19. h5 Qf7 20. Kf2 h6 21. Ne2 Bb7 22.
Ng1 Rfc8 23. Rac1 Bc6 24. Nf3 Be8 25. Rh1 Kg8 26. Bd2 Kh7 27. Rh3 Rc7 28. Ba5
Rc6 29. Ne1 Rac8 30. Bd2 Bf8 31. Qd1 d5 32. Qg4 b4 33. Qg6+ Qxg6 34. hxg6+ Kg8
35. g4 R6c7 36. Ra1 dxe4 37. dxe4 Bb5 38. Kf3 Rxc2 39. Nxc2 Rxc2 40. Rd1 Rxb2
41. Kf2 d3 42. Ke1 Rxb3 43. Rc1 Rb2 44. Rc8 Rc2 45. Ra8 Rc4 46. Rxd3 Rxe4+ 47.
Re3 Rf4 48. Re2 Bxe2 49. Bxf4 Bf3 50. Rxf8+ Kxf8 51. Be3 b3 52. Kd2 Bxg4 53. Kc3
Bxf5 54. Kxb3 Bxg6 55. Kc4 Be4 56. Kc5 Kf7 57. Kb6 Bd3 58. Kc5 h5 59. Kd5 g5 0-1

[Event "Euro Online U2300 Day 1"]
[Site "chess.com INT"]
[Date "2020.05.25"]
[Round "1"]
[White "De Blecourt, Sandra"]
[Black "Vuckovic, Marko"]
[Result "0-1"]
[WhiteTitle "WFM"]
[WhiteElo "2038"]
[BlackElo "2059"]
[WhiteFideId "1004948"]
[BlackFideId "16501870"]
[EventDate "2020.05.25"]

1. d4 Nf6 2. c4 e6 3. Nc3 Bb4 4. e3 c5 5. Ne2 O-O 6. a3 Bxc3+ 7. Nxc3 b6 8. Be2
Bb7 9. Bf3 Bxf3 10. Qxf3 Nc6 11. dxc5 bxc5 12. O-O Na5 13. Qe2 Qb6 14. Rb1 Qb3
15. e4 Qxc4 16. Qf3 Nc6 17. Bg5 Nd4 18. Qe3 Ng4 19. Qh3 f5 20. Rbe1 Rae8 21. Bc1
Nf6 22. exf5 Nxf5 23. Bg5 d5 24. Kh1 Nd4 25. Be3 Nc2 26. Rc1 Nxe3 27. fxe3 Qd3
28. Rfd1 Qg6 0-1

[Event "Euro Online U2300 Day 1"]
[Site "chess.com INT"]
[Date "2020.05.25"]
[Round "1"]
[White "Khalafova, Narmin"]
[Black "Gacek, Waldemar"]
[Result "1-0"]
[WhiteTitle "WGM"]
[WhiteElo "2279"]
[BlackElo "2081"]
[WhiteFideId "13402625"]
[BlackFideId "1111841"]
[EventDate "2020.05.25"]

1. e4 c6 2. Nc3 d5 3. Nf3 Bg4 4. h3 Bxf3 5. Qxf3 dxe4 6. Nxe4 Nd7 7. Qe2 Ndf6 8.
Ng5 e6 9. g3 h6 10. Nf3 Bc5 11. Bg2 Ne7 12. O-O O-O 13. c3 Ng6 14. d4 Bd6 15.
Ne5 Ne7 16. b3 Qc7 17. Bb2 c5 18. c4 cxd4 19. Bxd4 Nd7 20. Nxd7 Qxd7 21. Rad1
Qc7 22. c5 Bxc5 23. Rc1 Rfd8 24. Bxc5 Nc6 25. Be3 Rac8 26. Qg4 Kh8 27. Bxc6 bxc6
28. Rc5 Rd5 29. Rfc1 Qd7 30. Kg2 a6 31. Qe2 Qb7 32. Qc4 Rxc5 33. Qxc5 Kg8 34.
Kh2 Qb5 35. Qxb5 axb5 36. Kg2 Kf8 37. Bc5+ Ke8 38. Rd1 Ra8 39. a3 e5 40. g4 f6
41. Rd6 Ra6 42. Kf3 Kf7 43. Ke4 Kg6 44. Rd7 Ra8 45. Rc7 Rd8 46. Rxc6 Rd1 47. Rb6
Rh1 48. Rxb5 Rxh3 49. a4 Rh1 50. a5 Ra1 51. b4 Kg5 52. Rb7 g6 53. Ra7 Kxg4 54.
a6 h5 55. Ra8 h4 56. a7 h3 57. Rh8 g5 58. a8=Q Rxa8 59. Rxa8 f5+ 60. Kxe5 Kf3
61. Rh8 g4 62. Kxf5 Kg2 63. b5 1-0

[Event "Euro Online U2300 Day 1"]
[Site "chess.com INT"]
[Date "2020.05.25"]
[Round "1"]
[White "Sviridov, Vladislav"]
[Black "Abdulla, Khayala"]
[Result "1/2-1/2"]
[BlackTitle "WGM"]
[WhiteElo "2123"]
[BlackElo "2263"]
[WhiteFideId "24121843"]
[BlackFideId "13401807"]
[EventDate "2020.05.25"]

1. e4 c5 2. c3 e6 3. d4 d5 4. exd5 exd5 5. Nf3 Nc6 6. Bb5 Bd6 7. dxc5 Bxc5 8.
O-O Ne7 9. Nbd2 O-O 10. Nb3 Bb6 11. Nbd4 Bg4 12. Be2 Ng6 13. h3 Bd7 14. Be3 a6
15. Qb3 Rb8 16. Qxd5 Nxd4 17. Nxd4 Qc8 18. Bc4 Ne7 19. Qd6 Bc5 20. Qg3 Ng6 21.
Bd3 f5 22. Ne2 Bxe3 23. fxe3 Qc5 24. Nd4 Rbe8 25. Rae1 f4 26. exf4 Rxe1 27. Qxe1
Nxf4 28. Qe4 Nxd3 29. Rxf8+ Kxf8 30. Qxd3 Kg8 31. Qf3 Bc6 32. Qg4 g6 33. Qc8+
Kg7 34. Qc7+ Kh6 35. Qf4+ Kg7 36. Kh2 Qd5 37. Nf3 Qxa2 38. Qe5+ Kg8 39. Qb8+ Kg7
40. Qe5+ Kf8 41. Ng5 Qg8 42. Qd6+ Kg7 43. Qe7+ Kh6 44. Nf7+ Kg7 45. Ne5+ Kh8 46.
Nxc6 bxc6 47. Qf6+ Qg7 48. Qxc6 Qe5+ 49. Kh1 Qe1+ 50. Kh2 Qe5+ 51. g3 Qe2+ 52.
Qg2 Qd3 53. Qf2 Kg8 54. Kg2 Qe4+ 55. Qf3 Qc2+ 56. Qf2 Qe4+ 57. Kh2 Qd3 58. Kg1
Qb1+ 59. Kh2 Qd3 1/2-1/2

[Event "Euro Online U2300 Day 1"]
[Site "chess.com INT"]
[Date "2020.05.25"]
[Round "1"]
[White "Kovacevic, Krsto"]
[Black "Tsaknakis, Zisis"]
[Result "0-1"]
[WhiteElo "2117"]
[BlackElo "2217"]
[WhiteFideId "14519739"]
[BlackFideId "4259963"]
[EventDate "2020.05.25"]

1. e4 c5 2. Nf3 d6 3. Bb5+ Bd7 4. Bxd7+ Qxd7 5. O-O Nc6 6. Qe2 Nf6 7. Rd1 e6 8.
d4 cxd4 9. Nxd4 Be7 10. c4 O-O 11. Nc3 a6 12. a4 Rac8 13. b3 Rfd8 14. Ba3 Bf8
15. Rd2 Qc7 16. Rad1 Qa5 17. Nxc6 Rxc6 18. Bb2 Rdc8 19. g3 Qb4 20. Rd3 Nd7 21.
Na2 Qb6 22. Bd4 Qc7 23. Nc3 Nc5 24. Bxc5 Rxc5 25. Kg2 Qb6 26. Qc2 Qc6 27. f3 b5
28. axb5 axb5 29. Qd2 bxc4 30. bxc4 Rxc4 31. Rc1 d5 32. exd5 exd5 33. Rd4 Rxc3
34. Rxc3 Qxc3 35. Qxc3 Rxc3 36. Rxd5 g6 37. f4 Kg7 38. f5 g5 39. h4 g4 40. Rd4
h5 41. Rd5 Kf6 42. Rd8 Rc2+ 43. Kf1 Bc5 44. Rh8 Rf2+ 45. Ke1 Rxf5 0-1

[Event "Euro Online U2300 Day 1"]
[Site "chess.com INT"]
[Date "2020.05.25"]
[Round "1"]
[White "Stamos, Filippos"]
[Black "Bruil, Rembrandt"]
[Result "0-1"]
[BlackTitle "CM"]
[WhiteElo "2152"]
[BlackElo "2105"]
[WhiteFideId "4242807"]
[BlackFideId "1053590"]
[EventDate "2020.05.25"]

1. d4 d6 2. Nf3 g6 3. c4 Bg7 4. e4 Bg4 5. Be3 Nd7 6. Nc3 c6 7. Be2 Qc7 8. O-O
Ngf6 9. Nd2 Bxe2 10. Qxe2 O-O 11. b4 e5 12. d5 Nh5 13. dxc6 bxc6 14. b5 Nf4 15.
Qf3 cxb5 16. Nxb5 Qb8 17. Rab1 Ne6 18. Nxa7 Qe8 19. Nb5 Rxa2 20. Nxd6 Qe7 21.
Nb5 f5 22. exf5 gxf5 23. Nb3 e4 24. Qd1 f4 25. Bc1 f3 26. g3 Nf6 27. Rb2 Raa8
28. Qd6 Qf7 29. Be3 Rad8 30. Qe5 Ng4 31. Qxe4 Nxe3 32. Qxe3 Bxb2 33. Re1 Rfe8
34. Na5 Ng7 0-1

[Event "Euro Online U2300 Day 1"]
[Site "chess.com INT"]
[Date "2020.05.25"]
[Round "1"]
[White "Radosevic, Nenad"]
[Black "Budisavljevic, Luka"]
[Result "0-1"]
[BlackTitle "FM"]
[WhiteElo "2157"]
[BlackElo "2444"]
[WhiteFideId "906395"]
[BlackFideId "960047"]
[EventDate "2020.05.25"]

1. d4 Nf6 2. Nf3 e6 3. c4 c5 4. d5 d6 5. Nc3 exd5 6. cxd5 g6 7. e4 a6 8. a4 Bg4
9. Be2 Bxf3 10. Bxf3 Bg7 11. O-O Nbd7 12. Bf4 Qe7 13. Re1 O-O 14. Qc2 Rab8 15.
Be2 Ne8 16. Bf1 Nc7 17. h3 Rfc8 18. Ra2 b5 19. axb5 axb5 20. Ra7 c4 21. b4 Bd4
22. Ra3 Ra8 23. Rxa8 Rxa8 24. Be3 Qf6 25. Bxd4 Qxd4 26. Ne2 Qf6 27. Qd2 Ne5 28.
Qe3 Nd3 29. Rb1 Ra2 30. f3 Na6 31. Nd4 Naxb4 32. Nxb5 Nc2 33. Qb6 Nce1 34. Nxd6
Nxf3+ 35. gxf3 Qg5+ 36. Kh1 Nf2+ 37. Kh2 Nxe4+ 38. Rb2 Rxb2+ 39. Qxb2 Qg3+ 40.
Kh1 Nf2+ 41. Qxf2 Qxf2 42. Bxc4 Qxf3+ 0-1

[Event "Euro Online U2300 Day 1"]
[Site "chess.com INT"]
[Date "2020.05.25"]
[Round "1"]
[White "Dornbusch, Tatiana"]
[Black "Roque, Gaetan"]
[Result "0-1"]
[WhiteTitle "WGM"]
[WhiteElo "2268"]
[BlackElo "2128"]
[WhiteFideId "14107449"]
[BlackFideId "20666934"]
[EventDate "2020.05.25"]

1. d4 d5 2. c4 dxc4 3. Nf3 Nf6 4. e3 e6 5. Bxc4 a6 6. a4 b6 7. O-O Bb7 8. Qe2
Nbd7 9. Nc3 c5 10. Rd1 Qb8 11. e4 cxd4 12. Nxd4 Bd6 13. h3 O-O 14. Bg5 h6 15.
Bxf6 Nxf6 16. Nf3 Nh5 17. e5 Bc5 18. Ne4 Bxe4 19. Qxe4 Ng3 20. Qg4 Nf5 21. Bd3
Rd8 22. Bxf5 exf5 23. Qxf5 Qb7 24. e6 fxe6 25. Qxe6+ Qf7 26. Qxf7+ Kxf7 27. Ne5+
Ke6 28. Re1 Kf5 29. g4+ Kf6 30. Re2 Rd5 31. Nc4 Rad8 32. Kg2 h5 33. f4 hxg4 34.
hxg4 Rd4 35. g5+ Kf5 36. Ne5 Rxf4 37. Nf3 Rd3 38. Rf1 Rb3 39. Nh4+ Kxg5 40. Re5+
Kg4 41. Rxf4+ Kxf4 42. Rf5+ Kg4 0-1